សម្បទានដីសេដ្ឋកិច្ចនៅកម្ពុជាទស្សនៈវិស័យខាងសិទ្ធមនុស្ស (Record no. 9319)

000 -LEADER
fixed length control field 00367nam a22001217a 4500
040 ## - CATALOGING SOURCE
Transcribing agency SY
082 ## - DEWEY DECIMAL CLASSIFICATION NUMBER
Classification number 333
100 ## - MAIN ENTRY--AUTHOR NAME
Personal name NA
245 ## - TITLE STATEMENT
Title សម្បទានដីសេដ្ឋកិច្ចនៅកម្ពុជាទស្សនៈវិស័យខាងសិទ្ធមនុស្ស
260 ## - PUBLICATION, DISTRIBUTION, ETC. (IMPRINT)
Place of publication UNITES NATION
Name of publisher NA
Year of publication 2007
300 ## - PHYSICAL DESCRIPTION
Number of Pages 62P.
942 ## - ADDED ENTRY ELEMENTS (KOHA)
Koha item type សៀវភៅភាសាខ្មែរ
952 ## - LOCATION AND ITEM INFORMATION (KOHA)
Withdrawn status [LOCAL, KOHA] 0
Holdings
Permanent Location Date acquired Koha item type Lost status Shelving location Barcode Current Location Full call number
Library Block C2016-08-31សៀវភៅភាសាខ្មែរ C199RUA061686Library Block C333 NA 2007 C199
មជ្ឈមណ្ឌលឯការនៃសាកលវិទ្យាល័យភូមិន្ទកសិកម្មចំការដូង

Powered by Koha